00479nam a2200169Ia 4500999001700000003000400017005001700021008004100038040001800079082001800097100003300115245006100148260003900209300000900248650001000257942004200267 c16083d16083OSt20200606115848.0190216s9999||||xx |||||||||||||| ||und|| cMESKC library a891.43bSHA/K aBharathwaj, Balakrishna9253 0aKurukshethre ke Paryatak Sthal /cBalakrishna Bharathwaj bNisal Publications,aDelhi:c2001. a104p aHindi cBK2ddch891.43iSHA/Kk891.43mSHA/K